Tajomstvá úspešných reštaurácií
Top 10 reštaurácií Slovenska 2016. Top 11 hotelov Slovenska 2016. Ako dosiahnuť, aby bol podnik nielen kvalitný, ale aj hosťami vyhľadávaný.
Enregistré dans:
| Auteur principal: | |
|---|---|
| Format: | Chapitre de livre |
| Langue: | slovaque |
| Sujets: | |
| Tags: |
Pas de tags, Soyez le premier à ajouter un tag!
|
MARC
| LEADER | 00000naa a2200000 4500 | ||
|---|---|---|---|
| 001 | 0214569 | ||
| 005 | 20231113105050.4 | ||
| 041 | 0 | |a slo | |
| 044 | |a SK | ||
| 245 | 1 | 0 | |a Tajomstvá úspešných reštaurácií |c Jarmila Horváthová |
| 520 | |a Top 10 reštaurácií Slovenska 2016. Top 11 hotelov Slovenska 2016. Ako dosiahnuť, aby bol podnik nielen kvalitný, ale aj hosťami vyhľadávaný. | ||
| 610 | 2 | 0 | |a reštaurácie |
| 610 | 2 | 0 | |a gastronómia |
| 610 | 2 | 0 | |a hotely |
| 610 | 2 | 0 | |a kvalita |
| 610 | 2 | 0 | |a služby |
| 610 | 2 | 0 | |a riadenie |
| 610 | 2 | 0 | |a manažment |
| 610 | 2 | 0 | |a zákazníci |
| 610 | 2 | 0 | |a zamestnanci |
| 610 | 2 | 0 | |a Slovensko |
| 100 | 1 | |a Horváthová, Jarmila | |